000 01101nam a2200301 i 4500
001 bg
245 0 0 _aPlasma Chemistry VI /
_ced. by Iwo Pollo, Małgorzata Rzączyńska, Justyna Wolińska ; Politechnika Lubelska ; [Polskie Towarzystwo Chemiczne - Sekcja Chemii Plazmy].
260 _aLublin :
_bWydawnictwa Uczelniane PL,
_c1997.
300 _a234 s. :
_brys., wykr. ;
_c24 cm.
500 _aTekst częśc. w jęz. pol. i ang.
504 _aBibliogr., streszcz., summ. przy ref.
650 9 _aInżynieria powierzchni
_xmetody
650 9 _aPlazma (stan materii)
_xchemia
650 9 _aPowłoki ochronne
_xtechnologia
650 9 _aTechnika próżniowa
655 _aMateriały konferencyjne
700 1 _aPOLLO, Iwo.
_eRed.
700 1 _aRZĄCZYŃSKA, Małgorzata.
_eRed.
700 1 _aWOLIŃSKA, Justyna.
_eRed.
711 2 _aPolitechnika Lubelska (Lublin)
_eInst. sprawcza
020 _a8387270210
040 _cBPK
041 0 _aenpl
_benpl
080 _a544.55:620.197:621.791/.795](061.3)
920 _a83-87270-21-0
942 _cKS
008 s pl f |000 0 pol
999 _c32652
_d32652
856 _uhttp://koha.tu.koszalin.pl/cgi-bin/koha/opac-detail.pl?biblionumber=32652
_yKatalog online BPK